000 00509nam a2200145 a 4500
001 000031283
005 20240305140537.0
008 110617s2007 dr a 000 0 spa d
040 _aDO-SdBNP
_bspa
_cBNPHU
245 0 0 _aManual de comportamiento cívico y prevención de enfermedades : /
_cLuis Acosta Moreta; editor José Enrique García.
260 _aSanto Domingo :
_bEditora Centenario,
_c2007.
300 _a94 p. :
_bil. ;
_c28 cm.
700 1 _aGarcía, José Enrique,
_d1948-
_eed.
_922487
049 _aBNPD
999 _c30775
_d30775